000 00801nam a2200205 a 4500
001 000016426
005 20250924073801.0
008 100305s1974 dr a 000 0 spa d
040 _aDO-SdBNP
_bspa
_cBNPHU
082 _axxx
_bB716e
100 1 _aBonnelly de Calventi, Idelisa
_936618
245 1 0 _aEstudios de biología pesquera dominicana /
_cIdelisa Bonnelly de Calventi.
260 _aSanto Domingo :
_bUniversidad Autónoma de Santo Domingo,
_bCultural Dominicana,
_c1974.
300 _a165 p. :
_bil. ;
_c27 cm.
490 1 _aPublicaciones de la Universidad Autónoma de Santo Domingo
_vvol. 159
490 1 _aCiencia y Tecnología
_vno. 1
830 _aPublicaciones de la Universidad Autónoma de Santo Domingo
_vvol. 159
_952
830 0 _aCiencia y Tecnología
_nno. 1
_936619
049 _aBNPD
999 _c15961
_d15961